00449nam a22001097a 450000500170000000800410001704000080005808200110006624502190007726000240029665000190032020181018161638.0181018b ||||| |||| 00| 0 eng d cDLC a220.32 a The epistle of Paul the Apostle to the Romans;ba comparison of the 1611 King James version, the 1769 King James version and the New King James version, published in 1982 by Thomas Nelson publisherscThomas Nelson bThomas Nelsonc1989 aBible.--Romans